Regions of Countries #1 - Statistics

General Stats
  • This quiz has been taken 20 times
  • The average score is 17 of 24
Answer Stats
Area Answer % Correct
Wales United Kingdom
100%
Hawaii United States
100%
Xinjiang China
95%
Gujarat India
95%
Sardinia Italy
95%
Tlaxcala Mexico
95%
Aragon Spain
95%
Victoria Australia
89%
Lyon France
89%
Western Cape South Africa
89%
Northwest Territories Canada
84%
Maranhão Brazil
79%
Kanto Japan
79%
Orenburg Oblast Russia
79%
Al-Qassim Province Saudi Arabia
74%
Central Transdanubia Hungary
68%
Gomel Oblast Belarus
53%
Manawatu-Wanganui New Zealand
47%
Vysočina Region Czech Republic
42%
Thuringia Germany
37%
Alta Verapaz Department Guatemala
37%
Nueva Esparta Venezuela
32%
Dzūkija Lithuania
26%
Isan Thailand
16%
No matching quizzes found
Score Distribution
Percent of People with Each Score
Percentile by Number Answered
Your Score History
You have not taken this quiz